| 000 | 00783cam a2200289 4500 | ||
|---|---|---|---|
| 001 | J2543 | ||
| 008 | 090401t1994 xxu||||| |||| 00| 0 eng d | ||
| 035 | _a(Sirsi) u49739 | ||
| 041 | _aeng | ||
| 050 | _a711.4094 | ||
| 100 | _aNewman, Paul | ||
| 245 | _aEconomic and political influences on urban planning: a comparison of London, Paris and Berlin | ||
| 260 |
_aReading _bUniversity of Reading _c1994 |
||
| 300 | _a29p. ; 30cm. | ||
| 350 | _a0 | ||
| 490 |
_aWorking Paper in Land Management and Development _v20 |
||
| 650 | _aBERLIN | ||
| 650 | _aEUROPE | ||
| 650 | _aLONDON | ||
| 650 | _aPARIS | ||
| 650 | _aTOWN PLANNING | ||
| 690 | _aOVERSEAS-EUROPE | ||
| 700 | _aThornley, Andy | ||
| 710 |
_aUniversity of Reading _93273 |
||
| 942 | _n0 | ||
| 948 | _c04/03/1997 | ||
| 999 |
_c92594 _d92594 |
||